| 000 | 01359 a2200289 4500 | ||
|---|---|---|---|
| 003 | NUST | ||
| 005 | 20230812094326.0 | ||
| 010 | _a 2007043490 | ||
| 020 | _a0-07-126328-4 (International ed. : pbk.) | ||
| 020 | _a978-0-07-126328-3 (International ed. : pbk.) | ||
| 035 | _a(OCoLC)ocn176648981 | ||
| 040 | _cNust | ||
| 082 | 0 | 0 | _a515.9,BRO |
| 100 | 1 |
_aBrown, James Ward _98852 |
|
| 245 | 1 | 0 |
_aComplex variables and applications / _cJames Ward Brown, Ruel V. Churchill. |
| 250 | _a8th ed. | ||
| 260 |
_aBoston : _bMcGraw-Hill Higher Education, _cc2009. |
||
| 300 |
_axi, 468 p. : _bill. ; _c25 cm. |
||
| 490 | 1 | _aBrown and Churchill series | |
| 505 | 0 | _aComplex Numbers (Page-1), Analysis Function (Page-35), Elementary Function (Page-89), Integral (Page-117), Series (Page-181), Residues and Poles (Page-229), Application of Residues (Page-261), Mapping by Elementary Function (Page-311), Conformal Mapping (Page-355), Application of Conformal Mapping (Page-373), The Schwarz Christoffel Transformation (Page-403), Integral Formulas of the Poisson Type (Page-429). | |
| 650 | 0 | _aFunctions of complex variables. | |
| 650 | 0 |
_aFunktionentheorie. _9113880 |
|
| 650 | 0 |
_aFunktioner av komplexa variabler _9113881 |
|
| 700 | 1 |
_aChurchill, Ruel V. _d1899-1987. _9103080 |
|
| 830 | 0 |
_aBrown and Churchill series. _9113882 |
|
| 942 |
_2ddc _cBK _k515.9,BRO |
||
| 999 |
_c189254 _d189254 |
||